Select world constitutions. 2V (Record no. 148621)

MARC details
000 -LEADER
fixed length control field 00357nam a2200145Ia 4500
008 - FIXED-LENGTH DATA ELEMENTS--GENERAL INFORMATION
fixed length control field 230917s9999||||xx |||||||||||||| ||und||
040 ## - CATALOGING SOURCE
-- 126059
Original cataloging agency VIVEKANANDA LIBRARY
041 ## - Language
-- English
082 ## - DDC NUMBER
Classification number 342 S48S
100 ## - MAIN ENTRY--PERSONAL NAME
Personal name Gupta, U N
245 #0 - TITLE STATEMENT
Title Select world constitutions. 2V
260 ## - PUBLICATION, DISTRIBUTION, ETC. (IMPRINT)
Place of publication, distribution, etc New Delhi
Name of publisher, distributor, etc Atlantic Publishers
Date of publication, distribution, etc 2009
300 ## - PHYSICAL DESCRIPTION
Pages 494 p.
942 ## - ADDED ENTRY ELEMENTS (KOHA)
Koha item type Books
Holdings
Withdrawn status Lost status Damaged status Not for loan Location (home branch) Sublocation or collection (holding branch) Date acquired Koha issues (times borrowed) Koha full call number Accession No. Koha date last seen Koha item type
        VIVEKANANDA LIBRARY VIVEKANANDA LIBRARY 16/01/2010 2 342 S48S 264823 05/01/2026 Books
        VIVEKANANDA LIBRARY VIVEKANANDA LIBRARY 16/01/2010   342 S48S 264824 17/09/2023 Books
© Designed and Maintained by Vivekananda Library, MDU Rohtak